00316pab a2200133 454500008004000000100001600040245004100056260000900097300001200106362001200118650001100130700001500141773002600156180718b2001 xxu||||| |||| 00| 0 eng d aSingh, S.P. aCommunity policing: need of the hour c2001 ap.78-80 aApr-Jun aPolice aJain, D.C. aIndian Police Journal